A népgazdaságfejlesztési harmadik ötéves terv feladatainak biztosítása Szlovákiában az SZLKP KB 1960 okt. 6-7-i üllésén elhangzott beszámoló, néhány felszólalás és a határozat

Bibliographic Details
Format: Book
Language:Hungarian
PhysicalDescription:117, [2] s. 8°
Published: [Bratislava] SZLKP Központi Bizottsága 1960
Subjects:

MARC

LEADER 00000nam a2200000 a 4500
001 vtls008313538
003 SK-MaSNL
005 20260301020208.0
008 230403s1960 xo hun
015 |a SNBA1961/02-00156 
035 |a SK01SNK19610005755 
035 |a urn:nbn:sk:snk-amlpyo 
035 |a urn:nbn:sk:snk-am00c239 
035 |a 1C543E58-A43F-4B2E-A869-1486219B851D 
035 |a SKM000008218 
040 |a SNK  |b slo  |c SNK  |e AACR2 
041 0 |a hun 
044 |a xo  |c SK 
080 |a 338(437)"1961/1965"=945.11  |2 1981 
245 0 0 |a A népgazdaságfejlesztési harmadik ötéves terv feladatainak biztosítása Szlovákiában  |b az SZLKP KB 1960 okt. 6-7-i üllésén elhangzott beszámoló, néhány felszólalás és a határozat 
260 |a [Bratislava]  |b SZLKP Központi Bizottsága  |c 1960  |e Bratislava  |f Pravda 
300 |a 117, [2] s.  |c 8° 
610 0 7 |a KSČ  |x plány päťročné  |y 1961-1965  |x materiály  |2 SNK  |9 307201 
651 7 |a Československo  |x ekonomika  |y 1961-1965  |x päťročnica 3.  |2 SNK  |9 307202 
655 7 |a príručky  |2 SNKPH  |9 74364 
852 |a Slovenská národná knižnica 
954 |a odborná, vedecká literatúra cudzojazyčná (svetová)  |2 lita 
958 |a OND 
958 |a TL 
958 |a RK 
958 |a EUIPO 
999 |c 562449  |d 564379 
952 |a SNK  |b SNK  |y PREZ  |7 0  |p 17A0692899  |o snkSD 19722  |i snkKSP 87/61  |0 0  |1 0  |4 0  |d 2011-05-02  |f 1  |l 0  |r 2025-12-03 00:00:00  |w 2026-02-23